The city reader

Saved in:
Bibliographic Details
Other Authors: LeGates, Richard T. (Editor), Stout, Frederic 1943- (Editor)
Format: Book
Language:English
Published: London ; New York : Routledge, 2011
Edition:5η έκδ.
Series:Routledge urban reader series
Subjects:
Tags: Add Tag
No Tags, Be the first to tag this record!

MARC

LEADER 00000nam a2200000 i 4500
001 1/42460
008 140218s2011 eng d
020 |a 978-0-415-55665-1 
035 |l 10116753 
040 |a GR-MY-UA  |b gre  |e aacr 
041 0 |a eng 
082 0 |a 307.76  |2 (22) 
245 1 4 |a The city reader /  |c edited by Richard T. LeGates and Frederic Stout 
250 |a 5η έκδ. 
260 |a London ; New York :   |b Routledge,   |c 2011 
300 |a xxii, 624 σ.;  |b εικ., χάρτ.;  |c 26 εκ. 
490 1 |a Routledge urban reader series 
504 |a Περιλαμβάνει ευρετήριο 
650 0 0 |a Urban policy. 
650 0 0 |a Cities and towns. 
650 0 0 |a City planning. 
700 1 |a LeGates, Richard T.  |4 edt 
700 1 |a Stout, Frederic  |d 1943-  |4 edt 
830 0 |a Routledge urban reader series 
852 |a INST  |b LESVOS  |e 20140218  |h 307.76 CIT  |p 005100053539  |q 005100053539  |t BK  |y 0 
901 |a BIBL1-2014-1 
909 |a Λ  |b 181625 
922 |a 1ΕΛΗ  |b 201307  |c ΤΜΗΜΑ ΓΕΩΓΡΑΦΙΑΣ  |d ΙΩΑΝΝΙΔΟΥ 
970 |a ΤΖΑΦΕΡΗ  |b ΕΥΑΓΓΕΛΙΑ  |z 2014/02/19